[Event "Berlin Eckbauer op 17th"]
[Site "Berlin"]
[Date "2014.10.27"]
[Round "3"]
[White "Pilgrim, Wilfried"]
[Black "Kuester, Manfred"]
[Result "0-1"]
[WhiteElo "1460"]
[BlackElo "1901"]
[PlyCount "46"]
[EventDate "2014.10.06"]
[EventType "swiss"]
[EventRounds "7"]
[EventCountry "GER"]
[SourceTitle "EXT 2022"]
[Source "ChessBase"]
[SourceDate "2021.10.06"]
[SourceVersion "1"]
[SourceVersionDate "2021.10.06"]
[SourceQuality "1"]

1. Nf3 Nc6 2. g3 e5 3. Nc3 f5 4. d3 Nf6 5. Bg5 Be7 6. Bxf6 Bxf6 7. Nd5 0-0 8. c3 e4 9. Nd2 exd3 10. e3 Ne5 11. Nf4 b6 12. Nxd3 Bb7 13. Rg1 d5 14. Nf4 Qd7 15. Nh5 c5 16. Nxf6+ Rxf6 17. Nc4 dxc4 18. Bxc4+ Kf8 19. Qxd7 Nxd7 20. f4 Rd6 21. g4 fxg4 22. Rxg4 Nf6 23. Rg2 Bxg2 0-1

[Event "Berlin Lichtenberger op 13th"]
[Site "Berlin"]
[Date "2014.08.17"]
[Round "2"]
[White "Kohlmeyer, Dagobert"]
[Black "Pilgrim, Wilfried"]
[Result "1-0"]
[WhiteElo "1888"]
[BlackElo "1459"]
[PlyCount "67"]
[EventDate "2014.08.16"]
[EventType "swiss"]
[EventRounds "9"]
[EventCountry "GER"]
[SourceTitle "CBM 161 Extra"]
[Source "ChessBase"]
[SourceDate "2014.08.29"]
[SourceVersion "1"]
[SourceVersionDate "2014.08.29"]
[SourceQuality "1"]

1. e4 c5 2. Nf3 Nc6 3. d4 cxd4 4. Nxd4 e5 5. Nb5 Nf6 6. N1c3 d6 7. Nd5 Nxd5 8. exd5 Ne7 9. c4 a6 10. Qa4 axb5 11. Qxa8 Ng6 12. cxb5 Be7 13. Be3 0-0 14. b6 Bg5 15. Qa3 f5 16. Bxg5 Qxg5 17. Qg3 Qh6 18. h4 Nf4 19. Qg5 Nxd5 20. Qxh6 gxh6 21. Bc4 Be6 22. Rd1 Nf4 23. Bxe6+ Nxe6 24. Rxd6 Nd4 25. Rh3 f4 26. Rd7 f3 27. Rg3+ Kh8 28. gxf3 Nxf3+ 29. Kd1 Nxh4 30. Rgg7 Nf5 31. Rxh7+ Kg8 32. Rxb7 Rd8+ 33. Rbd7 Rb8 34. b7 1-0

[Event "Berlin Eckbauer op 16th"]
[Site "Berlin"]
[Date "2013.11.18"]
[Round "7"]
[White "Muenstermann, Claudia"]
[Black "Pilgrim, Wilfried"]
[Result "0-1"]
[WhiteElo "1738"]
[BlackElo "1508"]
[PlyCount "58"]
[EventDate "2013.10.07"]
[EventType "swiss"]
[EventRounds "7"]
[EventCountry "GER"]
[SourceTitle "EXT 2022"]
[Source "ChessBase"]
[SourceDate "2021.10.06"]
[SourceVersion "1"]
[SourceVersionDate "2021.10.06"]
[SourceQuality "1"]

1. e4 c5 2. Nf3 Nc6 3. d4 cxd4 4. Nxd4 d6 5. Nc3 a6 6. Be3 Nf6 7. f3 g6 8. Qd2 Bg7 9. 0-0-0 Bd7 10. Kb1 Rc8 11. h4 h5 12. Be2 b5 13. Rhe1 Qa5 14. Nxc6 Rxc6 15. Nd5 Qxd2 16. Nxf6+ exf6 17. Rxd2 0-0 18. g3 b4 19. f4 Be6 20. Bf3 Rc4 21. f5 gxf5 22. exf5 Bxf5 23. Bxh5 Rfc8 24. Bd1 a5 25. Rf1 Bh7 26. Rf4 a4 27. b3 axb3 28. axb3 Rxf4 29. Bxf4 Ra8 0-1

[Event "Berlin Eckbauer op 16th"]
[Site "Berlin"]
[Date "2013.11.11"]
[Round "6"]
[White "Pilgrim, Wilfried"]
[Black "Glass, Joachim"]
[Result "1/2-1/2"]
[WhiteElo "1508"]
[BlackElo "1576"]
[PlyCount "93"]
[EventDate "2013.10.07"]
[EventType "swiss"]
[EventRounds "7"]
[EventCountry "GER"]
[SourceTitle "EXT 2022"]
[Source "ChessBase"]
[SourceDate "2021.10.06"]
[SourceVersion "1"]
[SourceVersionDate "2021.10.06"]
[SourceQuality "1"]

1. Nf3 d5 2. d4 e6 3. c4 Nf6 4. Nc3 c6 5. Bg5 Nbd7 6. e4 dxe4 7. Ne5 Qa5 8. Be2 Bd6 9. Bf4 0-0 10. Nxd7 Bxf4 11. Nxf8 Kxf8 12. 0-0 Qc7 13. g3 Bh6 14. Qc2 b6 15. Nxe4 Nxe4 16. Qxe4 g6 17. f4 Bb7 18. Bf3 Bg7 19. Qd3 Rd8 20. Qa3+ c5 21. Kg2 Bxf3+ 22. Rxf3 Bxd4 23. Rd1 Kg8 24. Qa4 Qb7 25. Rdd3 Qe4 26. Qd1 Kg7 27. a3 a5 28. b3 Ra8 29. Rd2 Qc6 30. Rxd4 cxd4 31. Qxd4+ Kg8 32. Kf2 Rc8 33. Rd3 Qc5 34. Qxc5 bxc5 35. Ke3 Kf8 36. Kd2 Ke7 37. Ke3 f6 38. Ke4 Rc6 39. g4 Rc7 40. h4 Rd7 41. Rh3 Rd4+ 42. Ke3 e5 43. Rf3 e4 44. Rf2 Ke6 45. Rd2 Rxd2 46. Kxd2 f5 47. g5 1/2-1/2

[Event "Berlin Eckbauer op 16th"]
[Site "Berlin"]
[Date "2013.11.04"]
[Round "5"]
[White "Moeller, Dirk Halvard"]
[Black "Pilgrim, Wilfried"]
[Result "0-1"]
[WhiteElo "1649"]
[BlackElo "1508"]
[PlyCount "92"]
[EventDate "2013.10.07"]
[EventType "swiss"]
[EventRounds "7"]
[EventCountry "GER"]
[SourceTitle "EXT 2022"]
[Source "ChessBase"]
[SourceDate "2021.10.06"]
[SourceVersion "1"]
[SourceVersionDate "2021.10.06"]
[SourceQuality "1"]

1. e4 c5 2. Nf3 Nc6 3. d4 cxd4 4. Nxd4 d6 5. Nc3 g6 6. Bc4 Nf6 7. Be3 Bg7 8. h3 a6 9. Qd2 0-0 10. 0-0-0 Bd7 11. Bh6 Rc8 12. Bxg7 Kxg7 13. g4 b5 14. Be2 Ne5 15. b3 Qa5 16. Nb1 Qxa2 17. f3 Rc7 18. g5 Nh5 19. f4 Nc6 20. Nxc6 Rxc6 21. Qd4+ Kg8 22. Qd2 Rfc8 23. Bd3 Nxf4 24. Rh2 Nxd3+ 25. Qxd3 Be6 26. b4 Qb3 27. Qxb3 Bxb3 28. Rdd2 Rc4 29. Kb2 Ba4 30. Rde2 Rxb4+ 31. Kc1 Rbc4 32. h4 b4 33. Kb2 R8c5 34. Rhf2 Bc6 35. Kb3 a5 36. e5 a4+ 37. Kb2 Rxh4 38. exd6 a3+ 39. Ka2 Bd5+ 40. Ka1 exd6 41. Re8+ Kg7 42. Rb8 Rh1 43. Rxb4 a2 44. Rd2 axb1Q+ 45. Rxb1 Ra5+ 46. Kb2 Ra2+ 0-1

[Event "Berlin Lichtenberger op 12th"]
[Site "Berlin"]
[Date "2013.08.25"]
[Round "9"]
[White "Pilgrim, Wilfried"]
[Black "Lippianowski, Stefan"]
[Result "1-0"]
[WhiteElo "1508"]
[BlackElo "1245"]
[PlyCount "63"]
[EventDate "2013.08.17"]
[EventType "swiss"]
[EventRounds "9"]
[EventCountry "GER"]
[SourceTitle "CBM 156 Extra"]
[Source "ChessBase"]
[SourceDate "2013.10.22"]
[SourceVersion "1"]
[SourceVersionDate "2013.10.22"]
[SourceQuality "1"]

1. Nf3 d5 2. d4 Nf6 3. Nc3 Nc6 4. Bf4 Bf5 5. a3 e5 6. Bg3 e4 7. Ne5 Ng4 8. Nxg4 Bxg4 9. Qd2 Na5 10. Nb5 Bd6 11. Nxd6+ cxd6 12. e3 Nc4 13. Bxc4 dxc4 14. Qb4 a5 15. Qxb7 Rb8 16. Qxe4+ Be6 17. d5 Qf6 18. dxe6 0-0 19. Bxd6 fxe6 20. Bxf8 Rxf8 21. 0-0 Qxb2 22. Qxe6+ Kh8 23. Qxc4 h6 24. Qc5 Rf6 25. Rab1 Qa2 26. g4 Qe6 27. h3 Rf3 28. Kg2 Qf7 29. Rb8+ Kh7 30. Qe5 g6 31. h4 h5 32. Rh8# 1-0

[Event "Berlin Lichtenberger op 12th"]
[Site "Berlin"]
[Date "2013.08.18"]
[Round "2"]
[White "Pilgrim, Wilfried"]
[Black "Mueller, Johannes"]
[Result "0-1"]
[WhiteElo "1508"]
[BlackElo "1835"]
[PlyCount "90"]
[EventDate "2013.08.17"]
[EventType "swiss"]
[EventRounds "9"]
[EventCountry "GER"]
[SourceTitle "CBM 156 Extra"]
[Source "ChessBase"]
[SourceDate "2013.10.22"]
[SourceVersion "1"]
[SourceVersionDate "2013.10.22"]
[SourceQuality "1"]

1. Nf3 f5 2. d4 d5 3. Bf4 Nf6 4. e3 e6 5. Nbd2 Bd6 6. Ne5 0-0 7. Be2 Nbd7 8. c4 c6 9. c5 Bb8 10. Qc2 Nxe5 11. Bxe5 Bxe5 12. dxe5 Nd7 13. f4 Qa5 14. a3 Qxc5 15. Qxc5 Nxc5 16. b4 Na4 17. Nb3 Bd7 18. Rc1 Rac8 19. g4 g6 20. Nc5 Nxc5 21. bxc5 b6 22. h4 bxc5 23. Rxc5 Rb8 24. Kf2 Rb2 25. Rhc1 fxg4 26. R1c2 Rxc2 27. Rxc2 h5 28. Kg3 Rb8 29. Rc3 Kf7 30. Bd1 Ke7 31. Bc2 Be8 32. Ba4 Rb6 33. Rc1 Ra6 34. Bd1 Rxa3 35. Rb1 c5 36. Rb7+ Bd7 37. Bc2 Rxe3+ 38. Kf2 Rf3+ 39. Kg2 Rxf4 40. Bxg6 c4 41. Bxh5 a5 42. Kg3 Rf8 43. Bxg4 Ra8 44. h5 a4 45. h6 a3 0-1

[Event "Berlin Lichtenberger op 11th"]
[Site "Berlin"]
[Date "2012.08.25"]
[Round "8"]
[White "Kranch, Klaus"]
[Black "Pilgrim, Wilfried"]
[Result "1/2-1/2"]
[WhiteElo "1770"]
[BlackElo "1486"]
[PlyCount "48"]
[EventDate "2012.08.18"]
[EventType "swiss"]
[EventRounds "9"]
[EventCountry "GER"]
[SourceTitle "CBM 150 Extra"]
[Source "ChessBase"]
[SourceDate "2012.10.19"]
[SourceVersion "1"]
[SourceVersionDate "2012.10.19"]
[SourceQuality "1"]

1. d4 Nf6 2. c4 b6 3. Nc3 Bb7 4. e3 e6 5. Nf3 Bb4 6. a3 Bxc3+ 7. bxc3 Ne4 8. Qc2 f5 9. Be2 g5 10. Ne5 d6 11. Bh5+ Ke7 12. Nd3 g4 13. h3 Nf6 14. hxg4 Qg8 15. Rh2 Nxh5 16. gxh5 Bxg2 17. Nf4 Be4 18. Ng6+ hxg6 19. Qe2 Rxh5 20. Rxh5 gxh5 21. Qxh5 Qg1+ 22. Ke2 Qg4+ 23. Qxg4 fxg4 24. Bd2 Nd7 1/2-1/2

[Event "Berlin Lichtenberger op 11th"]
[Site "Berlin"]
[Date "2012.08.21"]
[Round "4"]
[White "Mahler, Sonja"]
[Black "Pilgrim, Wilfried"]
[Result "1-0"]
[WhiteElo "1644"]
[BlackElo "1486"]
[PlyCount "47"]
[EventDate "2012.08.18"]
[EventType "swiss"]
[EventRounds "9"]
[EventCountry "GER"]
[SourceTitle "CBM 150 Extra"]
[Source "ChessBase"]
[SourceDate "2012.10.19"]
[SourceVersion "1"]
[SourceVersionDate "2012.10.19"]
[SourceQuality "1"]

1. d4 Nf6 2. Bf4 e6 3. e3 d5 4. a3 Be7 5. c4 b6 6. Nc3 Bb7 7. Nb5 a6 8. Nxc7+ Kf8 9. Nxa8 Bxa8 10. Rc1 dxc4 11. Rxc4 Bd5 12. Rc7 g6 13. Bh6+ Kg8 14. Qc1 Nc6 15. Rxc6 Bxc6 16. Qxc6 Ng4 17. Bf4 h5 18. h3 Nxf2 19. Kxf2 Bh4+ 20. g3 Bxg3+ 21. Bxg3 Qf6+ 22. Ke1 h4 23. Be5 Qg5 24. Qe8+ 1-0

[Event "Berlin Lichtenberger op 10th"]
[Site "Berlin"]
[Date "2011.08.18"]
[Round "6"]
[White "Paris, Gerhard"]
[Black "Pilgrim, Wilfried"]
[Result "1/2-1/2"]
[WhiteElo "1628"]
[BlackElo "1463"]
[PlyCount "62"]
[EventDate "2011.08.13"]
[EventType "swiss"]
[EventRounds "9"]
[EventCountry "GER"]
[SourceTitle "CBM 143 Extra"]
[Source "ChessBase"]
[SourceDate "2011.08.29"]
[SourceVersion "1"]
[SourceVersionDate "2011.08.29"]
[SourceQuality "1"]

1. e4 c5 2. Nc3 e5 3. g3 Nf6 4. Bg2 Be7 5. Nf3 Nc6 6. 0-0 d6 7. d3 h6 8. Bd2 Bg4 9. a3 Nd4 10. Re1 0-0 11. h3 Nxf3+ 12. Bxf3 Bxh3 13. g4 Qd7 14. Kh2 Bxg4 15. Rg1 Bxf3 16. Qxf3 Kh7 17. Rg3 Rg8 18. Rag1 g6 19. Nd5 Nxd5 20. Qxf7+ Kh8 21. Qxd5 Raf8 22. Be3 Bh4 23. Rxg6 Bg5 24. Rxd6 Rxf2+ 25. Bxf2 Bf4+ 26. Bg3 Qg7 27. Kh1 Qg5 28. Rg2 Qh5+ 29. Bh2 Qd1+ 30. Bg1 Qh5+ 31. Bh2 Qd1+ 1/2-1/2

[Event "Berlin Lichtenberger op 10th"]
[Site "Berlin"]
[Date "2011.08.14"]
[Round "2"]
[White "Prix, Siegfried"]
[Black "Pilgrim, Wilfried"]
[Result "1-0"]
[WhiteElo "1782"]
[BlackElo "1463"]
[PlyCount "59"]
[EventDate "2011.08.13"]
[EventType "swiss"]
[EventRounds "9"]
[EventCountry "GER"]
[SourceTitle "CBM 143 Extra"]
[Source "ChessBase"]
[SourceDate "2011.08.29"]
[SourceVersion "1"]
[SourceVersionDate "2011.08.29"]
[SourceQuality "1"]

1. d4 Nf6 2. c4 d5 3. Nc3 e6 4. Bg5 Be7 5. e3 Nc6 6. Nf3 Ne4 7. Bxe7 Qxe7 8. Rc1 Bd7 9. Qc2 Nb4 10. Qb1 Ng5 11. Ne5 Bc8 12. f4 Ne4 13. Nxe4 dxe4 14. a3 Nc6 15. Nxc6 bxc6 16. Qxe4 Bb7 17. c5 f5 18. Qf3 0-0-0 19. Bc4 Kb8 20. Rc3 h5 21. Rb3 Kc8 22. a4 e5 23. fxe5 Rdf8 24. h4 g5 25. g3 f4 26. exf4 gxf4 27. gxf4 Qh7 28. Be6+ Kb8 29. Qxc6 Qb1+ 30. Kd2 1-0